Statistics for List of footballers with 50 or more international goals

Click here to take the quiz!

General Stats

  • This quiz has been taken 1,090 times
  • The average score is 10 of 40

Answer Stats

NationalityGoalsFootball Player% Correct
Brazil77Pele
90%
Brazil62Ronaldo
86%
West Germany68Gerd Muller
79%
Hungary84Ferenc Puskas
73%
Ivory Coast63Didier Drogba
71%
Republic of Ireland62Robbie Keane
64%
France51Thierry Henry
63%
Germany68Miroslav Klose
62%
Cameroon55Samuel Eto'o
61%
Spain56David Villa
59%
United States57Landon Donovan
57%
Argentina56Gabriel Batistuta
47%
Brazil55Romario
39%
Turkey51Hakan Sukur
29%
Iran109Ali Daei
28%
Czech Republic55Jan Koller
27%
Denmark52Jon Dahl Tomasson
17%
Hungary75Sandor Kocsis
16%
South Korea55Cha Bum-Kun
9%
Egypt68Hossam Hassan
9%
Trinidad & Tobago70Stern John
8%
Japan55Kazuyoshi Miura
5%
Honduras58Carlos Pavon
3%
Guatemala55Carlos Ruiz
3%
Japan80Kunishige Kamamoto
3%
Denmark52Poul Nielsen
3%
Iraq50Younis Mahmoud
3%
Kuwait75Bashar Abdullah
2%
Zambia79Godfrey Chitalu
2%
East Germany55Joachim Streich
2%
Thailand70Kiatisuk Senamuang
2%
Saudi Arabia71Majed Abdullah
2%
United Arab Emirates52Adnan Al Talyani
1%
Singapore55Fandi Ahmad
1%
Iraq61Hussein Saeed
1%
South Korea50Hwang Sun-Hong
1%
Hungary59Imre Schlosser
1%
Kuwait63Jassem Al-Houwaidi
1%
Iran50Karim Bagheri
1%
Hungary51Lajos Tichy
1%

Score Distribution

Percentile by Number Answered

Percent of People with Each Score

Your Score History

You have not taken this quiz